书目信息 |
| 题名: |
临床医学导论
|
|
| 作者: | 孙宝志 , 刘国良 主编 | |
| 分册: | ||
| 出版信息: | 北京 高等教育出版社 1999.09 |
|
| 页数: | 398页 | |
| 开本: | 16开 | |
| 丛书名: | ||
| 单 册: | ||
| 中图分类: | R4-43 | |
| 科图分类: | ||
| 主题词: | 临床医学 | |
| 电子资源: | ||
| ISBN: | 7-04-007745-0 | |
| 000 | 00594nam0 2200205 45 | |
| 001 | 0106211685 | |
| 005 | 20010621160723.9 | |
| 010 | @a7-04-007745-0@d26.80元 | |
| 100 | @a20010621d1999 km y0chiy0120 ea | |
| 101 | 0 | @achi |
| 105 | @a z 000yy | |
| 200 | 1 | @a临床医学导论@ALin Chuang Yi Xue Dao Lun@f孙宝志,刘国良主编@FSun Bao Zhi,Liu Guo Liang Zhu Bian |
| 210 | @a北京@c高等教育出版社@d1999.09 | |
| 215 | @a398页@d16开 | |
| 606 | 0 | @a临床医学 |
| 690 | @aR4-43@v3 | |
| 701 | 0 | @a孙宝志@4主编 |
| 701 | 0 | @a刘国良@4主编 |
| 801 | @aCN@bPftUser@c20010621 | |
| 905 | @f5@b350177-181@dR4-43@eS959 | |
| 临床医学导论/孙宝志,刘国良主编.-北京:高等教育出版社,1999.09 |
| 398页;16开 |
| ISBN 7-04-007745-0:26.80元 |
| ● |
| 相关链接 |
|
|
|
正题名:临床医学导论
索取号:R4-43/S959
 
预约/预借
| 序号 | 登录号 | 条形码 | 馆藏地/架位号 | 状态 | 备注 |
| 1 | 350177 | 203501772 | 自科库401/401自科库 16排3列3层/ [索取号:R4-43/S959] | 在馆 | |
| 2 | 350178 | 203501781 | 自科库401/401自科库 16排3列3层/ [索取号:R4-43/S959] | 在馆 | |
| 3 | 350179 | 203501790 | 自科库401/401自科库 16排3列3层/ [索取号:R4-43/S959] | 在馆 | |
| 4 | 350180 | 203501807 | 自科库401/401自科库 16排3列3层/ [索取号:R4-43/S959] | 在馆 | |
| 5 | 350181 | 203501816 | 自科库401/401自科库 16排3列3层/ [索取号:R4-43/S959] | 在馆 |